El príncipe moro / (Registro nro. 15075)

Detalles MARC
000 -LIDER
fixed length control field 01016cam a2200337 i 4500
001 - NÚMERO DE CONTROL
Identificador de número de control 0000882
003 - IDENTIFICACDOR DE NÚMERO DE CONTROL
control field DO-SdBPM
005 - DATE AND TIME OF LATEST TRANSACTION
control field 20250522071521.0
007 - CAMPOS FIJOS DE DESCRIPCIÓN FÍSICA
fixed length control field 0000882
008 - ELEMENTOS DE LONGITUD FIJA
fixed length control field 100514s1987 v a || 000 f spa
015 ## - NÚMERO DENTRO DE LA BIBLIOGRAFÍA NACIONAL
National bibliography number
017 ## - NÚMERO DE REGISTRO DE DERECHOS DE AUTOR
Copyright or legal deposit number
Assigning agency
020 ## - ISBN
International Standard Book Number 9802570303
035 ## - NÚMERO LOCAL
System control number
040 ## - FUENTE DE CATALOGACIÓN
Agencia que crea de manera original el registro DO-SdBPM
Idioma de catalogación spa
Agencia que realiza la transcripción BPMSU
Convenciones de la despripción
080 ## - NÚMERO DE CLASIFICACIÓN DECIMAL UNIVERSAL
Universal Decimal Classification number
082 #4 - NÚMERO DE CLASIFICACIÓN DECIMAL DE DEWEY
Classification number 863.6
Item number P348p 1987
Edition number 22
100 1# - ASIENTO PRINCIPAL -- NOMBRE PERSONAL
Nombre personal Paz Castillo, Fernando,
Fechas asociadas con el nombre 1893-1981.
245 13 - MENCIÓN DE TITULO
Título El príncipe moro /
Mención de responsabilidad Fernando Paz Castillo ; ilustración y diseño Vicky Sempere.
Medio (Designación general de material)
260 ## - PUBLICACIÓN, DISTRIBUCIÓN, ETC. (PIE DE IMPRENTA)
Lugar de publicación, distribución, etc Caracas, Venezuela :
Nombre del editor, distribuidor, etc. Ediciones Ekaré-Banco del Libro,
Fecha de publicación, distribución, etc 1987
300 ## - DESCRIPCIÓN FÍSICA
Extensión varias paginaciones
Otros detalles físicos il. ;
Dimensiones 22 cm.
490 0# - MENCIÓN DE SERIES
Mención de serie Rimas y adivinanzas
590 ## - NOTA LOCAL
Texto de la nota local Inventariado, 2025/VM
650 #4 - ENCABEZAMIENTO DE MATERIA--TEMÁTICO
Término temático o nombre geográfico como elemento de entrada Cuentos infantiles venezolanos
650 #4 - ENCABEZAMIENTO DE MATERIA--TEMÁTICO
Subdivisión de forma Libros ilustrados para niños
Término temático o nombre geográfico como elemento de entrada
650 #4 - ENCABEZAMIENTO DE MATERIA--TEMÁTICO
Término temático o nombre geográfico como elemento de entrada Príncipes
Subdivisión de forma Cuentos infantiles
650 #4 - ENCABEZAMIENTO DE MATERIA--TEMÁTICO
Término temático o nombre geográfico como elemento de entrada
700 1# - ASIENTO SECUNDARIO -- NOMBRE PERSONAL
Nombre personal Sempere, Vicky,
Fechas asociadas con el nombre 1953-
910 ## - VALIDACIÓN
Validación VMateo V. Control de calidad. BPMSU
942 ## - ADDED ENTRY ELEMENTS (KOHA)
Source of classification or shelving scheme Dewey Decimal Classification
Koha item type Libros
Existencias
Withdrawn status Lost status Source of classification or shelving scheme Damaged status Not for loan Collection code Home library Current library Date acquired Total Checkouts Full call number Barcode Date last seen Price effective from Koha item type
    Dewey Decimal Classification     Colección Infantil General Biblioteca Pública Metropolitana Salomé Ureña Biblioteca Pública Metropolitana Salomé Ureña 05/22/2025   BPMSU CGI V863.6 P348p 1987 BPMSU25050055 05/22/2025 05/22/2025 Libros